Efektívna koordinácia darcov krvi a plazmy bakalárska práca

Gespeichert in:
Bibliographische Detailangaben
1. Verfasser: Shevchenko, Maksym
Körperschaft: Národohospodárska fakulta EU. Katedra poisťovníctva
Weitere Verfasser: Lorko, Matej, 1987-
Format: Buch
Sprache:Slowakisch
Veröffentlicht: Bratislava 2023
Tags: Tag hinzufügen
Keine Tags, Fügen Sie das erste Tag hinzu!

MARC

LEADER 00000nbm a2200000 4500
001 0294645
005 20231130141441.0
041 0 |a slo 
044 |a SK 
245 1 0 |a Efektívna koordinácia darcov krvi a plazmy  |b bakalárska práca  |c Maksym Shevchenko ; školiteľ: Matej Lorko 
264 1 |a Bratislava  |c 2023 
300 |a 42 s. 
100 1 |a Shevchenko, Maksym 
700 1 |a Lorko, Matej, 1987- 
710 2 |a Národohospodárska fakulta EU. Katedra poisťovníctva